Způsob páchání trestné činnosti a jeho kriminalistický význam

Salvato in:
Dettagli Bibliografici
Autore principale: Musil, jan
Natura: Libro
Lingua:ceco
Pubblicazione: Praha Univerzita Karlova 1982
Tags: Aggiungi Tag
Nessun Tag, puoi essere il primo ad aggiungerne!!

MARC

LEADER 00000nam a2200000 4500
001 c133716
005 20041019155259.0
041 0 |a cze 
044 |a CZ 
245 1 0 |a Způsob páchání trestné činnosti a jeho kriminalistický význam  |c jan Musil 
264 1 |a Praha  |b Univerzita Karlova  |c 1982 
300 |a 287 s. 
100 1 |a Musil, jan